000 00372nam a2200133Ia 4500
005 20260326235504.0
008 260326s9999||||xx |||||||||||||| ||und||
100 _aIbelings, Hans
245 0 _aSupermodernismo :
_b Arquitectura en la era de la Globalización /
_cHans Ibelings
260 _bGustavo Gili
300 _a144 p.
650 _aARQUITECTURA MODERNA
942 _cBK
999 _c8116
_d8116